El rompecabezas de la ingeniería : (Record no. 21662)

000 -CABECERA
fixed length control field 00862nam a22002417a 4500
003 - IDENTIFICADOR DEL NÚMERO DE CONTROL
control field AR-CdUCM
008 - DATOS DE LONGITUD FIJA--INFORMACIÓN GENERAL
fixed length control field 190319b ||||| |||| 00| 0 spa d
020 ## - NÚMERO INTERNACIONAL ESTÁNDAR DEL LIBRO
ISBN 9789681684440
040 ## - FUENTE DE LA CATALOGACIÓN
Agencia/entidad que catalogó originalmente la obra MUNICIPALIDAD PROVINCIAL DEL CUSCO
Entidad que transcribió la catalogación BIBLIOTECA MUNICIPAL DEL CUSCO
082 ## - NÚMERO DE LA CLASIFICACIÓN DECIMAL DEWEY
No. de Clasificación 508.2/R21
Notacion interna R21
100 ## - ENTRADA PRINCIPAL--NOMBRE DE PERSONA
Nombre Personal Reséndiz Núñez, Daniel
245 ## - MENCIÓN DE TÍTULO
Título El rompecabezas de la ingeniería :
Resto del título por qué y cómo se transforma el mundo /
Mención de responsabilidad Daniel Reséndiz Núñez
260 ## - PUBLICACIÓN, DISTRIBUCIÓN, ETC.
Lugar de publicación, distribución, etc. México ;
Nombre de la editorial, distribuidor, etc. FCE,
-- Conacyt,
Fecha de publicación, distribución, etc. 2013.
300 ## - DESCRIPCIÓN FÍSICA
Nº de Páginas Extensión 393 Páginas. :
Dimensiones 21 cm.
440 ## - MENCIÓN DE SERIE/PUNTO DE ACCESO ADICIONAL--TÍTULO
Título La Ciencia para todos,
Número de la parte/sección de una obra 215.
9 (RLIN) 45709
650 ## - PUNTO DE ACCESO ADICIONAL DE MATERIA--TÉRMINO DE MATERIA
Descriptor Ingeniería
9 (RLIN) 10043
650 ## - PUNTO DE ACCESO ADICIONAL DE MATERIA--TÉRMINO DE MATERIA
Descriptor Ciencia e ingeniería
9 (RLIN) 45710
650 ## - PUNTO DE ACCESO ADICIONAL DE MATERIA--TÉRMINO DE MATERIA
Descriptor Humanismo e ingeniería
9 (RLIN) 45711
650 ## - PUNTO DE ACCESO ADICIONAL DE MATERIA--TÉRMINO DE MATERIA
Descriptor Ética e ingeniería
9 (RLIN) 45712
710 ## - PUNTO DE ACCESO ADICIONAL--NOMBRE DE ENTIDAD CORPORATIVA
Nombre corporativo (En letras Mayúsculas) Secretaría de educación pública
9 (RLIN) 17942
942 ## - ELEMENTOS DE PUNTO DE ACCESO ADICIONAL (KOHA)
Fuente de clasificación
Tipo de item Libros-BMC
945 ## - PROCESAMIENTO DE INFORMACIÓN LOCAL (OCLC)
Catalogador Roel
Holdings
Estado de retiro (separado) Fuente de clasificación o esquema de estanterías Estado dañado Ubicación Sala donde se ubica Nombre de la colección Fecha de adquisición o compra Fuente de adquisición Costo, precio normal en soles Signatura topográfica Código de Barras Última vez visto (Koha) Tipo de ítem (Koha)
No     Sala Ciencias Sala Ciencias Book Cart 2020-11-02 Compra 50.00 508.2/R21 SC0000002311 2020-11-02 Libros-BMC
No     Sala Ciencias Sala Ciencias Book Cart 2020-11-02 Compra 50.00 508.2/R21/e.2 SC0000002312 2020-11-02 Libros-BMC

Powered by Koha